LEADER 01109nas 2200337 a 450 001 996204840003316 005 20221206170925.0 011 $a1879-1492 035 $a(OCoLC)38524879 035 $a(CKB)954925575998 035 $a(CONSER) 2007233246 035 $a(DE-599)ZDB2180098-4 035 $a(EXLCZ)99954925575998 100 $a19980227b19892001 sy 101 0 $aeng 135 $aurmnu||||| 200 10$aArtificial intelligence in engineering$b[e-journal] 210 $aNew York, NY $cElsevier Science Pub. Co.$d1989-2001 300 $aTitle from contents screen (ScienceDirect, viewed Mar. 1, 2007). 311 $a0954-1810 606 $aEngineering$xData processing$vPeriodicals 606 $aArtificial intelligence$vPeriodicals 606 $aExpert systems (Computer science)$vPeriodicals 608 $aPeriodicals. 615 0$aEngineering$xData processing 615 0$aArtificial intelligence 615 0$aExpert systems (Computer science) 906 $aJOURNAL 912 $a996204840003316 996 $aArtificial intelligence in engineering$9733403 997 $aUNISA LEADER 01787nam1 22003733i 450 001 TSA0041739 005 20251003044415.0 010 $a8881142074 100 $a20080128d1998 ||||0itac50 ba 101 | $aita 102 $ait 181 1$6z01$ai $bxxxe 182 1$6z01$an 200 1 $aCodice di procedura penale e legislazione sui minori$eannotati con la giurisprudenza appendice di ordinamento giudiziario$fa cura di Giovanni Conso e Giuseppe Riccio 210 $aNapoli [etc.]$cEdizioni scientifiche italiane$d[1998] 215 $a2 v. (XVI, 2135 p. compless.)$d21 cm. 225 | $aBiblioteca di diritto processuale$v5 410 0$1001CFI0171008$12001 $aBiblioteca di diritto processuale$v5 463 1$1001TSA0041740$12000 $a1$v1 463 1$1001TSA0041741$12000 $a2$v2 517 1 $aCodice di procedura penale.$9RMG0024917 606 $aCodice di procedura penale$xGiurisprudenza costituzionale$2FIR$3CFIC080652$9I 676 $a345.450502632$9PROCEDURA PENALE. ITALIA. Leggi singole e raccolte$v21 702 1$aConso$b, Giovanni$3CFIV001270 702 1$aRiccio$b, Giuseppe$f <1938- >$3CFIV082158 790 1$aConso$b, Giovanni Battista$3SBNV006505$zConso, Giovanni 801 3$aIT$bIT-000000$c20080128 850 $aIT-BN0095 $aIT-NA0079 901 $bNAP 01$cD $n$ 912 $aTSA0041739 950 1$aBiblioteca Centralizzata di Ateneo$d 01D (AR) 25 006$e 01AR 0700250065 VMA 1 v.$fY $h20241007$i20241007$c1 v. in due copie$d 01D (AR) 25 007$e 01AR 0700250075 VMA (bis 1 v. (2. copia)$fY $h20241007$i20241007 977 $a 01$a BN 996 $aCodice di procedura penale e legislazione sui minori$9740559 997 $aUNISANNIO LEADER 03182nam 22006495 450 001 9910416528403321 005 20251113204123.0 010 $a981-15-5757-8 024 7 $a10.1007/978-981-15-5757-6 035 $a(CKB)4100000011384379 035 $a(DE-He213)978-981-15-5757-6 035 $a(MiAaPQ)EBC6305328 035 $a(PPN)269100997 035 $a(MiAaPQ)EBC6305247 035 $a(EXLCZ)994100000011384379 100 $a20200815d2020 u| 0 101 0 $aeng 135 $aurnn|008mamaa 181 $ctxt$2rdacontent 182 $cc$2rdamedia 183 $acr$2rdacarrier 200 10$aWireless Sensor Networks /$fby Senchun Chai, Zhaoyang Wang, Baihai Zhang, Lingguo Cui, Runqi Chai 205 $a1st ed. 2020. 210 1$aSingapore :$cSpringer Nature Singapore :$cImprint: Springer,$d2020. 215 $a1 online resource (X, 282 p. 184 illus., 90 illus. in color.) 225 1 $aWireless Networks,$x2366-1445 311 08$a981-15-5756-X 327 $aIntroduction -- Small Worlds and Information Dissemination -- Protocol for Wireless Sensor Networks -- Localization technology for wireless sensor network -- Coverage control in wireless sensor network -- Community Detection Algorithms in Complex Networks. 330 $aThis book presents state-of-the-art research advances in the field of wireless sensor networks systems and approaches. It provides in-depth study on a number of major topics such as protocols, localization, coverage control, community detection, small world analysis, etc. Multidisciplinary in nature and closely integrating theory and practice, the book will be of interest to all university researchers, telecommunications engineers and graduate students in wireless sensor networks who wish to learn the core principles, methods, algorithms, and applications. It would help readers rapidly grasp major topics of wireless sensor network and their advances. 410 0$aWireless Networks,$x2366-1445 606 $aTelecommunication 606 $aWireless communication systems 606 $aMobile communication systems 606 $aEmbedded computer systems 606 $aCommunications Engineering, Networks 606 $aWireless and Mobile Communication 606 $aEmbedded Systems 615 0$aTelecommunication. 615 0$aWireless communication systems. 615 0$aMobile communication systems. 615 0$aEmbedded computer systems. 615 14$aCommunications Engineering, Networks. 615 24$aWireless and Mobile Communication. 615 24$aEmbedded Systems. 676 $a681.2 700 $aChai$b Senchun$4aut$4http://id.loc.gov/vocabulary/relators/aut$01064463 702 $aWang$b Zhaoyang$4aut$4http://id.loc.gov/vocabulary/relators/aut 702 $aZhang$b Baihai$4aut$4http://id.loc.gov/vocabulary/relators/aut 702 $aCui$b Lingguo$4aut$4http://id.loc.gov/vocabulary/relators/aut 702 $aChai$b Runqi$4aut$4http://id.loc.gov/vocabulary/relators/aut 801 0$bMiAaPQ 801 1$bMiAaPQ 801 2$bMiAaPQ 906 $aBOOK 912 $a9910416528403321 996 $aWireless Sensor Networks$92538374 997 $aUNINA